000 00987nam a22002537a 4500
005 20240530110348.0
008 141214s2010 ua d f b 000 0 ara d
017 _a2010/3532
_bمصر . دار الكتب المصرية
020 _a9772583828
040 _aEG-CaGPL
041 0 _aara
082 0 4 _221
_a631.56\
_bأ ت
100 0 _aاحمد عبدالمنعم حسن
245 1 0 _aتداول الحاصلات البستانية :
_bتكنولوجيا و فسيولوجيا ما بعد الحصاد /
_cاحمد عبدالمنعم حسن
250 _aط1
260 _aالقاهرة :
_bالدار العربية للنشر والتوزيع ،
_c2010
300 _a548 ص :
_bجداول ؛
_c24 سم
490 _aسلسلة تكنولوجيا و فسيولوجيا الخضر
504 _aببليوجرافية : ص 527 - 548
650 0 4 _aفلاحة البساتين
650 0 4 _aالمحاصيل الزراعية
650 0 4 _aالات الحصد
942 _2ddc
_cBK
999 _c60014
_d60014